=LDR 00000nam 2200000 4500 =001 INLIS000000000021854 =005 20130612120655 =008 ***********************************Ind** =035 ##$$0010-061300000021854 =041 ##$$a Ind =082 ##$$a 028.55 =090 ##$$a 028.55, Bel l =100 ##$$a Bell, Sally =245 ##$$a Lomba lari, Sally Bell =260 ##$$a 1992 $b Jakarta =300 ##$$a 32 hlm, ilus, 19 cm =650 ##$$a Bacaan anak =850 ##$$a NBPNMAT